000 00557nam a2200205 4500
001 sa 68013729
003 DLC
005 20260227112624.0
008 691205s1964 ii 00000 eng
010 _asa 68013729
025 _aPL480:I-E-9732
050 0 _aHG3883.I4
_bR45
082 _a332.1/52/0954
110 2 0 _aReserve Bank of India.
245 1 _aIndia's foreign liabilities and assets, 1961;
_bsurvey report.
260 1 _aBombay,
_c1964.
300 _avii, 105 p.
_c27 cm.
350 _a3.50
_a($1.00)
650 0 _aBalance of payments
_zIndia.
999 _c85298
_d85298